000
00267nam a2200109Ia 4500
001
1276107
005
20260417160441.0
008
260417s9999 xx 000 0 und d
020
_a
9786255998859
245
0
_a
Altın Böcek
_c
Edgar Allan Poe
260
_b
Ketebe Genç
999
_c
1276107
_d
1276107